[Event "Druzynowe Mistrzostwa Polski Juniorow - II Liga"]
[Site "Iwonicz"]
[Date "2016-07-31"]
[Round "3.67"]
[White "Hasterok, Mateusz"]
[Black "Sloniewski, Kacper"]
[Result "1-0"]
[WhiteTitle "II+"]
[BlackTitle "II"]
[WhiteElo "1695"]
[BlackElo "1168"]

1. d4 Nf6 2. c4 g6 3. Nc3 Bg7 4. e4 d6 5. f3 O-O 6. Be3 b6 7. Bd3 c5 8. Nge2 Bb7
9. Qd2 Re8 10. Bh6 Bh8 11. dxc5 bxc5 12. Ng3 Nc6 13. h4 Ne5 14. h5 Bg7 15. Bxg7
Nxd3+ 16. Qxd3 Kxg7 17. Qd2 Rh8 18. Qg5 e6 19. hxg6 hxg6 20. O-O-O Qb6 21. f4
e5 22. Nf5+ Kg8 23. Rxh8+ Kxh8 24. Qh6+ 1-0

[Event "Druzynowe Mistrzostwa Polski Juniorow - II Liga"]
[Site "Iwonicz"]
[Date "2016-07-31"]
[Round "3.68"]
[White "Nowacka, Dorota"]
[Black "Charczenko, Dominik"]
[Result "0-1"]
[WhiteTitle "I"]
[BlackTitle "II"]
[WhiteElo "1415"]
[BlackElo "1596"]

1. c4 c5 2. g3 Nc6 3. Bg2 g6 4. Nc3 Bg7 5. d3 d6 6. e4 f5 7. Nge2 Nf6 8. O-O O-O
9. h3 a6 10. f4 e5 11. Be3 Be6 12. Qd2 Qd7 13. Kh2 fxe4 14. a3 exd3 15. Qxd3 Bf5
16. Qd2 Nd4 17. Rad1 Rad8 18. fxe5 dxe5 19. Bg5 Rde8 20. Bh6 b6 21. Bxg7 Qxg7
22. Nd5 Nxd5 23. Bxd5+ Be6 24. Bxe6+ Rxe6 25. Nc3 Ref6 26. Rxf6 Qxf6 27. Ne4 Qc6
28. Qg2 Nf3+ 29. Kh1 Qxe4 30. Rf1 Nd2 31. Rxf8+ Kxf8 32. Qxe4 Nxe4 33. Kg2 Kf7
34. Kf3 Nd2+ 35. Ke2 Nxc4 0-1

[Event "Druzynowe Mistrzostwa Polski Juniorow - II Liga"]
[Site "Iwonicz"]
[Date "2016-07-31"]
[Round "3.69"]
[White "Hasterok, Lukasz"]
[Black "Syrkiewicz, Michal"]
[Result "0-1"]
[WhiteTitle "III"]
[BlackTitle "II"]
[WhiteElo "1185"]
[BlackElo "1389"]

1. e4 e6 2. d4 d5 3. exd5 exd5 4. c4 Be6 5. cxd5 Bxd5 6. Be3 Nf6 7. Nc3 Nc6 8.
Nf3 Be7 9. Be2 O-O 10. O-O a6 11. Qc2 Re8 12. a3 Rb8 13. Rad1 h6 14. b4 Ng4 15.
Nxd5 Qxd5 16. Bc4 Qd7 17. Rfe1 Bf6 18. h3 Nxe3 19. fxe3 Re7 20. Re2 Rbe8 21. Rde1
Na7 22. Qd3 Nb5 23. Bxb5 Qxb5 24. Qxb5 axb5 25. Kf2 Ra8 26. Ra2 Re6 27. Nd2 Be7
28. Rb1 Rea6 29. Rb3 Ra4 30. Ke2 c6 31. Kd3 Bxb4 32. Nb1 Bd6 33. g4 b4 34. Kc2
b5 35. Kb2 Kf8 36. e4 Ke8 37. h4 Kd7 38. Rd3 bxa3+ 39. Nxa3 b4 40. e5 Be7 41.
d5 cxd5 42. Rxd5+ Kc6 43. Rd3 Rxa3 44. Raxa3 Rxa3 45. Rd4 f6 46. e6 Re3 47. Rc4+
Kd5 48. Rc1 Kxe6 49. Rg1 Bc5 50. Rg2 Ke5 51. h5 Kf4 52. Rf2+ Ke4 53. Rd2 0-1

[Event "Druzynowe Mistrzostwa Polski Juniorow - II Liga"]
[Site "Iwonicz"]
[Date "2016-07-31"]
[Round "3.73"]
[White "Lizak, Jakub"]
[Black "Stochnialek, Dominika"]
[Result "1-0"]
[WhiteTitle "k"]
[BlackTitle "I"]
[WhiteElo "2131"]
[BlackElo "1439"]

1. e4 c5 2. Nf3 d6 3. d4 cxd4 4. Nxd4 Nf6 5. Nc3 g6 6. Be3 Bg7 7. f3 O-O 8. Qd2
Nc6 9. O-O-O d5 10. Kb1 Nxd4 11. e5 Nd7 12. Bxd4 Nxe5 13. Qe3 Nc6 14. Bxg7 Kxg7
15. Nxd5 Be6 16. Qc3+ f6 17. Bc4 Bxd5 18. Bxd5 Qc7 19. h4 Rad8 20. h5 Qa5 21.
Qb3 Qa6 22. hxg6 hxg6 23. Qe3 g5 24. f4 Rxd5 25. Rxd5 Qc4 26. Qh3 Kf7 27. Qh7+
Ke6 28. Qf5+ Kf7 29. Rh7+ Ke8 30. Qc8+ Nd8 31. Qd7# 1-0

[Event "Druzynowe Mistrzostwa Polski Juniorow - II Liga"]
[Site "Iwonicz"]
[Date "2016-07-31"]
[Round "3.74"]
[White "Kus, Aleksander"]
[Black "Tustanowski, Mateusz"]
[Result "0-1"]
[WhiteTitle "I"]
[BlackTitle "I++"]
[WhiteElo "1818"]
[BlackElo "1957"]

1. e4 e5 2. Nf3 Nc6 3. Bb5 Bc5 4. Qe2 Nd4 5. Nxd4 Bxd4 6. c3 Bb6 7. O-O c6 8. Bc4
Nf6 9. Rd1 O-O 10. d4 exd4 11. e5 d5 12. exf6 Re8 13. Qf3 dxc4 14. fxg7 d3 15.
Be3 Bxe3 16. fxe3 Qb6 17. Nd2 Rxe3 18. Qf2 Be6 19. b3 cxb3 20. axb3 Re8 21. Nf3
Bg4 22. Ng5 Qxb3 23. Rdb1 Qd5 24. Rxb7 d2 25. h4 Re1+ 26. Kh2 Qd6+ 27. g3 R1e2
28. Nxf7 Rxf2+ 29. Kg1 Qxg3+ 0-1

[Event "Druzynowe Mistrzostwa Polski Juniorow - II Liga"]
[Site "Iwonicz"]
[Date "2016-07-31"]
[Round "3.75"]
[White "Kukula, Karol"]
[Black "Poltorak, Sebastian"]
[Result "0-1"]
[WhiteTitle "II"]
[BlackTitle "I"]
[WhiteElo "1550"]
[BlackElo "1707"]

1. e4 c6 2. d4 d5 3. Nc3 dxe4 4. Nxe4 Bf5 5. Ng3 Bg6 6. h4 h6 7. Nf3 Nd7 8. h5
Bh7 9. Bd3 Bxd3 10. Qxd3 e6 11. Bd2 Qc7 12. O-O-O Ngf6 13. Qe2 Bd6 14. Ne4 Nxe4
15. Qxe4 Nf6 16. Qe2 O-O-O 17. c4 c5 18. Bc3 cxd4 19. Nxd4 a6 20. Kb1 Kb8 21.
Rc1 Rc8 22. Rhd1 Rhd8 23. b3 Ka8 24. g3 Qc5 25. g4 Rd7 26. Be1 Bf4 27. b4 Qb6
28. c5 Qd8 29. Rc4 e5 30. c6 Rxd4 31. Rcxd4 exd4 32. cxb7+ Kxb7 33. Qf3+ Nd5 34.
Rxd4 Rc1+ 35. Kb2 Be5 36. Qxf7+ Rc7 0-1

[Event "Druzynowe Mistrzostwa Polski Juniorow - II Liga"]
[Site "Iwonicz"]
[Date "2016-07-31"]
[Round "3.76"]
[White "Ullrich, Agata"]
[Black "Szeliga, Sebastian"]
[Result "0-1"]
[WhiteTitle "II"]
[BlackTitle "II"]
[WhiteElo "1196"]
[BlackElo "1228"]

1. e4 e5 2. Nf3 Nf6 3. Nxe5 d6 4. Nf3 Nxe4 5. d3 Nf6 6. Nc3 Bg4 7. Be2 Be7 8. Bg5
Nbd7 9. Qd2 c6 10. h3 Be6 11. O-O Nd5 12. Nxd5 Bxd5 13. Bxe7 Qxe7 14. Qe3 Qxe3
15. fxe3 O-O 16. e4 Be6 17. Nd4 Nc5 18. b4 Na4 19. Nxe6 fxe6 20. Bg4 e5 21. Be6+
Kh8 22. Rxf8+ Rxf8 23. Rf1 Rxf1+ 24. Kxf1 g6 25. a3 Kg7 26. Bc8 b6 27. Bd7 Nc3
28. Bxc6 Nb1 29. a4 Na3 30. c3 Nb1 31. c4 Nc3 32. Ke1 Na2 33. b5 Nc3 34. Kd2 Nxa4
35. Ke3 Kf6 36. Kd2 Kg5 37. g3 h5 38. Be8 h4 39. gxh4+ Kxh4 40. Bxg6 Kxh3 41.
Bh5 Kg3 42. Bd1 Nc5 43. Ke3 Ne6 44. Bh5 Nf4 45. Bf3 Ng6 46. Bh5 Nh4 47. Bd1 Ng2+
48. Ke2 Kf4 49. Kf2 Ne3 50. Ke2 Nxd1 51. Kxd1 Ke3 52. Kc2 Ke2 53. Kc3 Kd1 54.
d4 Ke2 55. c5 bxc5 56. dxe5 dxe5 57. Kc4 Ke3 58. Kxc5 Kxe4 59. Kc6 Kd4 60. Kb7
Kc5 0-1

[Event "Druzynowe Mistrzostwa Polski Juniorow - II Liga"]
[Site "Iwonicz"]
[Date "2016-07-31"]
[Round "3.77"]
[White "Wojcik, Jagoda"]
[Black "Andrzejewska, Maja"]
[Result "1-0"]
[WhiteTitle "I+"]
[BlackTitle "II"]
[WhiteElo "1609"]
[BlackElo "1298"]

1. e4 c5 2. Nf3 Nc6 3. Nc3 d6 4. d4 cxd4 5. Nxd4 g6 6. Bc4 e6 7. O-O a6 8. Nxc6
bxc6 9. Be3 Bg7 10. Bb3 Ne7 11. Na4 O-O 12. c4 Bb7 13. Bb6 Qd7 14. Nc5 Qc8 15.
Qxd6 Re8 16. Rab1 Bf8 17. Qf4 Qb8 18. Bc7 Qa7 19. Nd7 Bg7 20. Nf6+ Kf8 21. Nxh7+
Kg8 22. Nf6+ Bxf6 23. Qxf6 1-0

[Event "Druzynowe Mistrzostwa Polski Juniorow - II Liga"]
[Site "Iwonicz"]
[Date "2016-07-31"]
[Round "3.78"]
[White "Roszkiewicz, Anna"]
[Black "Pisarek, Elzbieta"]
[Result "1-0"]
[WhiteTitle "I"]
[BlackTitle "I"]
[WhiteElo "1445"]
[BlackElo "1351"]

1. e4 c5 2. Nf3 d6 3. d4 cxd4 4. Nxd4 Nf6 5. Nc3 g6 6. Be3 Bg7 7. Be2 O-O 8. O-O
Bd7 9. f4 Nc6 10. Nb3 a6 11. Kh1 Qc8 12. Qd2 h5 13. Bf3 Ng4 14. Nd5 Nxe3 15. Qxe3
Qd8 16. c3 Bh6 17. Be2 Rc8 18. Rad1 Be6 19. Qg3 Kh7 20. e5 Bxd5 21. Rxd5 Qc7 22.
exd6 exd6 23. Bd3 Kh8 24. Bc2 Ne7 25. Rd2 Rcd8 26. Qh4 f5 27. Nd4 Qd7 28. Re1
Rde8 29. Ne6 Rf7 30. Bb3 Rh7 31. Qf6+ Bg7 32. Nxg7 Rxg7 33. Qxd6 Nc6 34. Rxe8+
Qxe8 35. Rd1 Kh7 36. h3 Kh8 37. Ba4 Kh7 38. Bxc6 bxc6 39. Qd3 Qc8 40. Qd4 Qb7
41. b3 Qb8 42. Qc4 Qb7 43. Rd6 Rc7 44. Qe6 Rg7 45. Rxc6 a5 46. Qc4 Qa7 47. Ra6
Qe7 48. Rxa5 h4 49. Re5 Qd7 50. Qd5 Qa7 51. Qd2 Qc7 52. c4 Qb6 53. Qe3 Qd6 54.
Rd5 Qc7 55. Qf2 1-0

[Event "Druzynowe Mistrzostwa Polski Juniorow - II Liga"]
[Site "Iwonicz"]
[Date "2016-07-31"]
[Round "3.79"]
[White "Zylinski, Piotr"]
[Black "Hladun, Bartlomiej"]
[Result "1-0"]
[WhiteTitle "I"]
[BlackTitle "II"]
[WhiteElo "1577"]
[BlackElo "1469"]

1. d4 c6 2. Nf3 d5 3. Bf4 Nf6 4. e3 Bf5 5. Nbd2 e6 6. Be2 Nbd7 7. Ne5 Be7 8. c3
a6 9. h4 h5 10. Bg5 Nxe5 11. dxe5 Ng4 12. Bf4 Bxh4 13. g3 g5 14. gxh4 gxf4 15.
exf4 Qb6 16. Bxg4 Bxg4 17. Qb3 Qxb3 18. Nxb3 b6 19. Rg1 Ke7 20. Kd2 Rhg8 21. Rg3
Rg6 22. Rag1 c5 23. Ke3 Rc8 24. f3 Bf5 25. Rg5 Rcg8 26. Rc1 Rh8 27. a4 a5 28.
Nd2 f6 29. Rxg6 Bxg6 30. Rg1 Rg8 31. Nb1 Kf7 32. Na3 Rd8 33. Rd1 Rb8 34. Rg1 Rd8
35. Nb5 fxe5 36. fxe5 d4+ 37. cxd4 Bc2 38. Nd6+ Kf8 39. Rg5 cxd4+ 40. Kxd4 Bxa4
41. Rxh5 Bd1 42. Rh8+ Ke7 43. Rxd8 Kxd8 44. f4 Bg4 45. Nc4 Kc7 46. Ne3 Bh5 47.
f5 exf5 48. Nxf5 Kd7 49. Ng7 Bg6 50. h5 Bh7 51. e6+ Kd6 52. Kc4 Ke7 53. Kb5 Bc2
54. h6 Kf6 55. Kxb6 a4 56. Kc5 Bb3 57. Kd6 a3 58. bxa3 Ba4 59. e7 Kf7 60. e8=Q+
1-0

[Event "Druzynowe Mistrzostwa Polski Juniorow - II Liga"]
[Site "Iwonicz"]
[Date "2016-07-31"]
[Round "3.80"]
[White "Pawletko, Szymon"]
[Black "Radecki, Adam"]
[Result "1/2-1/2"]
[WhiteTitle "II+"]
[BlackTitle "I"]
[WhiteElo "1543"]
[BlackElo "1595"]

1. e4 c5 2. Nf3 e6 3. d4 cxd4 4. Nxd4 b6 5. Nb3 a6 6. Be3 Qc7 7. a3 Nf6 8. Nc3
b5 9. Be2 Nc6 10. O-O d6 11. Qd2 Bb7 12. f4 Be7 13. Bf3 O-O 14. Rad1 Rac8 15.
Qf2 Nd7 16. Rfe1 Rfd8 17. Rd2 Bf8 18. Red1 Na5 19. Nxa5 Qxa5 20. Bd4 Be7 21. g3
Qc7 22. Bg2 Bc6 23. f5 e5 24. Be3 a5 25. Nd5 Bxd5 26. Rxd5 b4 27. axb4 axb4 28.
R5d2 Ra8 29. Bf1 Rdb8 30. b3 Nf6 31. Bd3 Ng4 32. Qf3 Nxe3 33. Qxe3 d5 34. Qf3
d4 35. h4 Qc3 36. Be2 Ra2 37. Bd3 Rba8 38. Qe2 Ra1 39. Rxa1 Rxa1+ 40. Rd1 Ra2
41. Kg2 h6 42. Qd2 Qb2 43. Kf3 Kh7 44. Qg2 Ra7 45. Rh1 g5 46. Rg1 Qc3 47. Qh2
Ra5 48. Rh1 Bf6 49. Qe2 Ra3 50. Kf2 Ra2 51. Rh2 Kg7 52. Rh1 Be7 53. Kg2 Bf6 54.
Kh3 Ra7 55. Rg1 Qc7 56. Qg4 1/2-1/2

[Event "Druzynowe Mistrzostwa Polski Juniorow - II Liga"]
[Site "Iwonicz"]
[Date "2016-07-31"]
[Round "3.82"]
[White "Sulima, Franciszek"]
[Black "Piechota, Kamil"]
[Result "0-1"]
[WhiteTitle "II"]
[BlackTitle "II"]
[WhiteElo "1215"]
[BlackElo "1337"]

1. e4 e5 2. Nf3 Nc6 3. d4 exd4 4. Bc4 Bc5 5. c3 d6 6. cxd4 Bb4+ 7. Bd2 Bxd2+ 8.
Nbxd2 Bg4 9. Bb5 Bd7 10. Qb3 Rb8 11. d5 Ne5 12. Nxe5 dxe5 13. Bxd7+ Qxd7 14. Qc3
f6 15. Rc1 Rc8 16. Nc4 Ne7 17. Ne3 O-O 18. O-O c6 19. Qb3 Kh8 20. Qa3 cxd5 21.
Nxd5 Nxd5 22. Rcd1 Qe7 23. Rxd5 Qxa3 24. bxa3 Rfd8 25. Rxd8+ Rxd8 26. Rc1 h6 27.
Kf1 Rd2 28. Rc8+ Kh7 29. Ra8 a6 30. Ra7 Rxa2 31. Rxb7 Rxa3 32. Ra7 a5 33. h4 h5
34. Ke2 Kh6 35. g3 g5 36. Ra6 Kg6 37. f3 gxh4 38. gxh4 Ra2+ 39. Kd1 a4 40. Ra7
Rf2 41. Rxa4 Rxf3 42. Ra2 Rf4 43. Rg2+ Rg4 44. Rxg4+ hxg4 45. Ke2 Kh5 46. Kf2
Kxh4 47. Kg2 g3 48. Kf3 Kh3 49. Ke2 Kh2 0-1

[Event "Druzynowe Mistrzostwa Polski Juniorow - II Liga"]
[Site "Iwonicz"]
[Date "2016-07-31"]
[Round "3.83"]
[White "Robakowska, Paulina"]
[Black "Filipska, Maja"]
[Result "0-1"]
[WhiteTitle "I"]
[BlackTitle "I+"]
[WhiteElo "1341"]
[BlackElo "1406"]

1. c4 e5 2. Nc3 Nf6 3. Nf3 Nc6 4. g3 d5 5. cxd5 Nxd5 6. Bg2 Be6 7. d3 Be7 8. O-O
O-O 9. Bd2 Qd7 10. Re1 Nb6 11. a3 Rad8 12. Bg5 f6 13. Be3 Nd4 14. Bxd4 exd4 15.
Ne4 c5 16. Rc1 c4 17. Ned2 c3 18. bxc3 Bxa3 19. Rc2 dxc3 20. Rxc3 Bb4 21. Rc2
a5 22. Qa1 Rc8 23. Rxc8 Rxc8 24. Rb1 Rc2 25. Nb3 Bxb3 26. Rxb3 Rxe2 27. Qd4 Qc7
28. Bf1 Rc2 29. Qe3 Qd8 30. Nd4 Rc8 31. Bg2 Qc7 32. Ne6 Qc1+ 33. Bf1 Qxe3 34.
fxe3 Nd5 35. e4 Ne3 36. Be2 Rc2 37. Nd4 Rc1+ 38. Kf2 Nd1+ 39. Bxd1 Rxd1 40. Ke3
b6 41. Nc2 Rh1 42. Nxb4 axb4 43. Rxb4 Rxh2 44. Rxb6 Kf7 45. Rb7+ Kg6 46. d4 Rh1
47. Ke2 Ra1 48. Rb8 Ra3 49. Kf2 h5 50. d5 Kg5 51. Ke2 Ra7 52. Kf3 Rd7 53. Re8
f5 54. Re5 g6 55. g4 hxg4+ 56. Kg3 Rd6 57. Re6 Rxe6 58. dxe6 Kf6 59. exf5 gxf5
60. e7 Kxe7 0-1

[Event "Druzynowe Mistrzostwa Polski Juniorow - II Liga"]
[Site "Iwonicz"]
[Date "2016-07-31"]
[Round "3.85"]
[White "Tokarz, Krzysztof"]
[Black "Marczak, Szymon"]
[Result "0-1"]
[WhiteTitle "II+"]
[BlackTitle "I"]
[WhiteElo "1637"]
[BlackElo "1709"]

1. d4 d5 2. c4 dxc4 3. Nc3 e6 4. e4 c5 5. Nf3 a6 6. a4 cxd4 7. Nxd4 e5 8. Nf3 Qxd1+
9. Nxd1 Nf6 10. Nxe5 Nxe4 11. Bxc4 Bb4+ 12. Kf1 O-O 13. f3 Nd6 14. Nd3 Ba5 15.
Bb3 Bf5 16. N1f2 Nc6 17. Bf4 Rfd8 18. Nc5 Bb6 19. Rc1 Nd4 20. Bxd6 Rxd6 21. a5
Bxc5 22. Rxc5 Nxb3 23. Rxf5 Re8 24. g4 g6 25. Rf4 Nxa5 26. Ne4 Rd1+ 27. Kg2 Rxh1
28. Kxh1 Rd8 29. b4 Nb3 30. Nc5 Nxc5 31. bxc5 Rd1+ 32. Kg2 Rb1 33. Rc4 a5 34.
c6 bxc6 35. Rxc6 a4 36. Ra6 Rb4 37. g5 Kg7 38. Kg3 h5 39. gxh6+ Kxh6 40. Ra5 g5
41. Ra6+ Kh5 42. Ra5 f6 43. Rf5 Kg6 44. Ra5 Rf4 45. Rb5 Kf7 46. Rb6 Ke7 47. Ra6
Rd4 48. h3 Rf4 49. Rb6 Kd7 50. h4 Kc7 51. hxg5 Kxb6 52. Kxf4 fxg5+ 53. Kxg5 a3
54. f4 a2 55. f5 a1=Q 56. Kg6 Qh8 57. Kf7 Kc7 58. f6 Kd7 59. Kg6 Ke6 60. f7 Qf6+
0-1

[Event "Druzynowe Mistrzostwa Polski Juniorow - II Liga"]
[Site "Iwonicz"]
[Date "2016-07-31"]
[Round "3.86"]
[White "Franek, Krzysztof"]
[Black "Szczuraszyk, Jaroslaw"]
[Result "0-1"]
[WhiteTitle "III"]
[BlackTitle "II"]
[WhiteElo "1134"]
[BlackElo "1643"]

1. e4 c5 2. Nf3 Nc6 3. Bb5 d6 4. Bxc6+ bxc6 5. O-O g6 6. Re1 Bg7 7. e5 d5 8. c3
Bg4 9. d3 Bxf3 10. Qxf3 e6 11. Nd2 Qc7 12. Qe2 Qb6 13. c4 Ne7 14. b3 O-O 15. Bb2
a5 16. Ba3 Nf5 17. Nf3 Rfc8 18. Qb2 a4 19. g4 Nd4 20. Nxd4 cxd4 21. c5 Qb5 22.
Qc2 axb3 23. Qxb3 Qb8 24. f4 g5 25. fxg5 Bxe5 26. Qxb8 Rcxb8 27. Bc1 Bc7 28. a4
Rb4 29. a5 Rb5 30. a6 Rxc5 31. Bd2 Rb5 32. Red1 Rb6 33. h3 Rbxa6 34. Rab1 Bd6
35. Kf2 c5 36. Kf3 Ra3 37. Bf4 e5 38. Bc1 e4+ 39. Ke2 Ra2+ 40. Rb2 Rxb2+ 41. Bxb2
Ra2 42. Rd2 Bf4 43. Rc2 Bxg5 44. Kd1 exd3 45. Rg2 c4 46. h4 Be3 47. Bxd4 Rxg2
48. Bxe3 c3 49. g5 Rh2 50. Bd2 Rxd2+ 0-1

[Event "Druzynowe Mistrzostwa Polski Juniorow - II Liga"]
[Site "Iwonicz"]
[Date "2016-07-31"]
[Round "3.87"]
[White "Mazurek, Bartosz"]
[Black "Goszyk, Bartosz"]
[Result "1-0"]
[WhiteTitle "II"]
[BlackTitle "III"]
[WhiteElo "1462"]
[BlackElo "1126"]

1. d4 d5 2. c4 e6 3. Nc3 Nf6 4. Bg5 Nbd7 5. Nf3 Be7 6. e3 O-O 7. Rc1 c6 8. Bd3
dxc4 9. Bxc4 Nb6 10. Bb3 Bd7 11. O-O h6 12. Bh4 Nbd5 13. Re1 Nxc3 14. bxc3 Qc7
15. e4 Rac8 16. Ne5 Rfd8 17. Bg3 Bd6 18. Nxd7 Nxd7 19. e5 Be7 20. Qg4 g6 21. Bxe6
Kg7 22. Bxf7 Kxf7 23. e6+ 1-0

[Event "Druzynowe Mistrzostwa Polski Juniorow - II Liga"]
[Site "Iwonicz"]
[Date "2016-07-31"]
[Round "3.88"]
[White "Grzybek, Mikolaj"]
[Black "Kebel, Bartosz"]
[Result "0-1"]
[WhiteTitle "III"]
[BlackTitle "II"]
[WhiteElo "1201"]
[BlackElo "1308"]

1. e4 c5 2. c3 e5 3. Nf3 Nc6 4. d4 cxd4 5. cxd4 exd4 6. Nxd4 Nf6 7. Nxc6 bxc6 8.
f3 Bc5 9. Nc3 O-O 10. Qc2 Re8 11. Bf4 Nh5 12. Bg3 Nxg3 13. hxg3 h6 14. O-O-O Bb6
15. Qd3 Rb8 16. Na4 Bf2 17. g4 Qa5 18. Nc3 Bg3 19. Qc2 Bf4+ 20. Kb1 Be5 21. Ka1
d6 22. Rh5 Qb4 23. a3 Qb7 24. Rd2 Be6 25. Bd3 Bb3 26. Qc1 Bf4 27. Bc2 Be6 28.
Bd3 Bxd2 29. Qxd2 Qb6 30. Rh1 Qd4 31. f4 Bxg4 32. Re1 Qb6 0-1

[Event "Druzynowe Mistrzostwa Polski Juniorow - II Liga"]
[Site "Iwonicz"]
[Date "2016-07-31"]
[Round "3.89"]
[White "Paluch, Kornelia"]
[Black "Zamarska, Sylwia"]
[Result "0-1"]
[WhiteTitle "I"]
[BlackTitle "I+"]
[WhiteElo "1188"]
[BlackElo "1601"]

1. d4 d5 2. c4 e6 3. Nc3 Nf6 4. Nf3 c5 5. cxd5 Nxd5 6. g3 Nc6 7. dxc5 Bxc5 8. Nxd5
exd5 9. Bg2 h6 10. O-O O-O 11. Bf4 Re8 12. Rc1 Bb6 13. a3 Be6 14. Bd2 Qd7 15.
Bc3 d4 16. Bd2 Bh3 17. Re1 Bxg2 18. Kxg2 g5 19. b4 Qd5 20. Kg1 Re4 21. Bc3 Qe6
22. Bb2 Re8 23. b5 Na5 24. Nxd4 Bxd4 25. Bxd4 Nb3 26. Bxa7 Nxc1 27. Qxc1 Rxe2
28. Rxe2 Qxe2 29. Be3 Qxb5 30. Qc3 Qb1+ 31. Kg2 Qe4+ 32. Kg1 Rd8 33. Bd2 Rd3 34.
Qc8+ Kh7 35. Qc1 Qe2 36. Qc8 Qd1+ 37. Kg2 Qf3+ 38. Kf1 Rxd2 39. Qc1 Qxf2# 0-1

[Event "Druzynowe Mistrzostwa Polski Juniorow - II Liga"]
[Site "Iwonicz"]
[Date "2016-07-31"]
[Round "3.90"]
[White "Szczypka, Weronika"]
[Black "Scisla, Oliwia"]
[Result "1-0"]
[WhiteTitle "II"]
[BlackTitle "I"]
[WhiteElo "1179"]
[BlackElo "1148"]

1. e4 c6 2. Nc3 d5 3. Nf3 dxe4 4. Nxe4 Bg4 5. Be2 e6 6. h3 Bxf3 7. Bxf3 Nd7 8.
d4 Ngf6 9. Ng3 Bd6 10. Ne2 O-O 11. Bg5 h6 12. Bh4 Qb6 13. O-O Rab8 14. b3 Rfc8
15. Rc1 Qa6 16. Qd2 Qb6 17. c4 c5 18. d5 exd5 19. Bxd5 Re8 20. Rfe1 Nxd5 21. Qxd5
Re5 22. Qd3 Rbe8 23. Rcd1 R5e6 24. Kf1 Nf8 25. Qf3 Ng6 26. Bg3 Bxg3 27. Qxg3 Ne5
28. Nf4 R6e7 29. Nd5 Qe6 30. Nxe7+ Qxe7 31. Rd5 f6 32. f4 Qf7 33. fxe5 fxe5+ 34.
Kg1 e4 35. Re5 Rxe5 36. Qxe5 b6 37. Qxe4 g5 38. Qd5 1-0

[Event "Druzynowe Mistrzostwa Polski Juniorow - II Liga"]
[Site "Iwonicz"]
[Date "2016-07-31"]
[Round "4.1"]
[White "Klementowski, Dawid"]
[Black "Wisniewski, Jacek"]
[Result "1-0"]
[WhiteTitle "I"]
[BlackTitle "k"]
[WhiteElo "2000"]
[BlackElo "1989"]

1. c4 e5 2. g3 d6 3. Bg2 g6 4. Nc3 Bg7 5. e3 f5 6. d3 Nf6 7. Nge2 O-O 8. O-O a5
9. Rb1 Na6 10. a3 c6 11. b4 axb4 12. axb4 Bd7 13. Qb3 Kh8 14. Ba3 Qb6 15. Kh1
Rfd8 16. d4 exd4 17. exd4 d5 18. b5 cxb5 19. cxd5 Be8 20. Nxb5 Qxb5 21. Qxb5 Bxb5
22. Rxb5 Nc7 23. Rxb7 Ncxd5 24. Bc5 Ne4 25. Kg1 h6 26. g4 Nxc5 27. dxc5 fxg4 28.
c6 Rac8 29. Rd1 Nf6 30. Rxd8+ Rxd8 31. c7 1-0

[Event "Druzynowe Mistrzostwa Polski Juniorow - II Liga"]
[Site "Iwonicz"]
[Date "2016-07-31"]
[Round "4.3"]
[White "Grochol, Kamil"]
[Black "Golecki, Jan"]
[Result "0-1"]
[WhiteTitle "II+"]
[BlackTitle "I+"]
[WhiteElo "1648"]
[BlackElo "1758"]

1. e4 e5 2. Nf3 Nf6 3. Nxe5 d6 4. Nf3 Nxe4 5. Nc3 Nxc3 6. dxc3 Be7 7. Bf4 O-O 8.
Qd2 Nd7 9. O-O-O Nc5 10. Bd3 Nxd3+ 11. Qxd3 Bf6 12. h4 g6 13. h5 Bf5 14. Qd2 Qd7
15. hxg6 fxg6 16. Ng5 Bxg5 17. Bxg5 a5 18. Rde1 Rae8 19. Bh6 Rxe1+ 20. Rxe1 Re8
21. Rxe8+ Qxe8 22. b3 Qe5 23. Kb2 Kf7 24. Bf4 Qc5 25. Qd4 Qxd4 26. cxd4 Kf6 27.
Bd2 a4 28. f4 h5 29. g3 Bd7 30. Kc3 axb3 31. axb3 Kf5 32. Kd3 Kg4 33. Be1 Kf3
34. c3 Bf5+ 35. Kd2 c5 36. dxc5 dxc5 37. b4 c4 38. Kd1 Bd7 39. Kd2 Ba4 40. Kc1
Kg2 41. Kd2 Kf1 42. g4 hxg4 43. Bh4 Kg2 44. Ke3 Kh3 45. Be7 g3 46. Kf3 Bc6+ 47.
Ke2 g2 0-1

[Event "Druzynowe Mistrzostwa Polski Juniorow - II Liga"]
[Site "Iwonicz"]
[Date "2016-07-31"]
[Round "4.4"]
[White "Redzisz, Michal"]
[Black "Oles, Martin"]
[Result "1/2-1/2"]
[WhiteTitle "II"]
[BlackTitle "II"]
[WhiteElo "1756"]
[BlackElo "1485"]

1. e4 c5 2. c4 d6 3. Nc3 Nc6 4. g3 e5 5. Bg2 Be6 6. d3 g6 7. Be3 Bg7 8. Qd2 Nge7
9. Nge2 O-O 10. O-O f5 11. f4 Qd7 12. Rab1 Rac8 13. a3 b6 14. b4 Nd4 15. b5 Nxe2+
16. Nxe2 fxe4 17. Bxe4 d5 18. cxd5 Bxd5 19. Rfd1 Nf5 20. Bf2 Rfd8 21. Qc2 Nd4
22. Nxd4 exd4 23. Bxd5+ Qxd5 24. Qc4 Qxc4 25. dxc4 Re8 26. Re1 Kf7 27. Kg2 Bf6
28. Kf3 Rcd8 29. Rxe8 Rxe8 30. Re1 Re6 31. Rxe6 Kxe6 32. Ke4 Kd6 33. Be1 1/2-1/2

[Event "Druzynowe Mistrzostwa Polski Juniorow - II Liga"]
[Site "Iwonicz"]
[Date "2016-07-31"]
[Round "4.5"]
[White "Kucharska, Honorata"]
[Black "Kozaczynska, Aleksandra"]
[Result "1-0"]
[WhiteTitle "k"]
[BlackTitle "I++"]
[WhiteElo "1855"]
[BlackElo "1683"]

1. e4 c5 2. b3 e5 3. Bb2 Nc6 4. g3 Nf6 5. Bg2 Be7 6. Ne2 d6 7. d3 O-O 8. O-O b6
9. c4 Bb7 10. f4 Nd4 11. Bc1 Re8 12. f5 Nd7 13. Nd2 Bg5 14. Nf3 Bxc1 15. Rxc1
Nxf3+ 16. Rxf3 f6 17. g4 Nb8 18. Qd2 Nc6 19. Rg3 h6 20. h4 Kf7 21. g5 hxg5 22.
hxg5 Rg8 23. Kf2 fxg5 24. Rh1 Rh8 25. Rxh8 Qxh8 26. Qxg5 Rd8 27. Qg6+ Kf8 28.
Rh3 Qg8 29. Rh7 Ne7 30. Qh5 Qf7 31. Qg5 Rd7 32. Bh3 Ng8 33. Ng3 Qf6 34. Qh5 Bc6
35. Rh8 Re7 36. Qh7 Qf7 37. Bg4 g6 38. Qh4 Bd7 39. Ke1 gxf5 40. Bxf5 Be6 41. Bh7
Qf4 42. Qxf4+ exf4 43. Bxg8 Bxg8 44. Nf5 Rh7 45. Rxh7 Bxh7 46. Kf2 Kf7 47. Kf3
Ke6 48. Kxf4 a6 49. Ne3 b5 50. Nd5 bxc4 51. bxc4 a5 52. a3 Bg6 53. Ke3 Ke5 54.
Nc3 Bh5 55. Nb5 Bf7 56. Nc7 Bh5 57. Nd5 Bf7 58. Nf4 Be8 59. Nh3 Bg6 60. Nf4 Be8
61. Ne2 Bf7 62. d4+ cxd4+ 63. Nxd4 Bxc4 64. Nc6+ Ke6 65. Nxa5 Bb5 66. Kd4 Ba4
67. Nc4 Bc6 68. Nb6 Bb7 69. a4 Ba6 70. a5 Bb7 71. Nd5 Kd7 72. Nb4 Kc7 73. a6 Ba8
74. Nd5+ Kb8 75. Kc4 Bc6 76. Kb4 Ka7 77. Ka5 Be8 78. Nc7 Bc6 79. Nb5+ Kb8 80.
Nxd6 Kc7 81. Nb5+ Kb8 82. e5 Bd7 1-0

[Event "Druzynowe Mistrzostwa Polski Juniorow - II Liga"]
[Site "Iwonicz"]
[Date "2016-07-31"]
[Round "4.7"]
[White "Fus, Jakub"]
[Black "Molenda, Marcin"]
[Result "1/2-1/2"]
[WhiteTitle "I++"]
[BlackTitle "k"]
[WhiteElo "2025"]
[BlackElo "2267"]

1. d4 d5 2. c4 c6 3. Nf3 Nf6 4. Nc3 dxc4 5. a4 Bf5 6. Ne5 e6 7. f3 Be7 8. e4 Bg6
9. Be3 a5 10. Bxc4 Na6 11. O-O Nb4 12. Bb3 O-O 13. Qd2 Qb8 14. Rfd1 Rd8 15. Qe2
Nd7 16. Nc4 Bf6 17. Rac1 Re8 18. Rd2 Bd8 19. Rcd1 Bc7 20. g3 Bh5 21. Kg2 Na6 22.
Na3 Nb4 23. Qf2 Nf6 24. Ne2 Qd8 25. Nf4 Bg6 26. Nxg6 hxg6 27. Nc4 Qb8 28. Qe2
Rd8 29. Bf2 Re8 30. f4 b6 31. Qf3 Qb7 32. Na3 Rad8 33. Nc2 Na6 34. Ne3 Nb4 35.
Ng4 Nxg4 36. Qxg4 Re7 37. Qf3 Red7 38. h4 e5 39. fxe5 Bxe5 40. h5 g5 41. Qf5 Qc7
42. Be1 Rxd4 43. Qxg5 Rxd2+ 44. Rxd2 Rxd2+ 45. Bxd2 Bf6 46. Qf4 Qxf4 47. Bxf4
Bxb2 48. Be3 c5 49. Bf4 Bd4 50. Bc7 Nd3 51. Bxb6 c4 52. Bxc4 Bxb6 53. Bxd3 f6
1/2-1/2

[Event "Druzynowe Mistrzostwa Polski Juniorow - II Liga"]
[Site "Iwonicz"]
[Date "2016-07-31"]
[Round "4.8"]
[White "Koloczek, Maciej"]
[Black "Jarzebowski, Kacper"]
[Result "1-0"]
[WhiteTitle "II"]
[BlackTitle "I+"]
[WhiteElo "1731"]
[BlackElo "1895"]

1. Nf3 Nf6 2. g3 d5 3. Bg2 c5 4. O-O g6 5. d3 Bg7 6. Nbd2 O-O 7. e4 Nc6 8. c3 e5
9. Qe2 d4 10. cxd4 cxd4 11. Nc4 Nd7 12. a4 Nc5 13. Bd2 a5 14. Rfb1 Na6 15. Ne1
Be6 16. b3 Rc8 17. f4 f6 18. Nc2 Re8 19. N2a3 Bf8 20. Nb5 Nc5 21. Rb2 exf4 22.
gxf4 Bf7 23. Rf1 Ra8 24. Rbb1 Bxc4 25. bxc4 Nxa4 26. Qg4 Nc5 27. Rf3 a4 28. Bc1
Nb3 29. Rh3 Nxc1 30. Rxc1 Bb4 31. e5 fxe5 32. Bd5+ Kg7 33. f5 Bd2 34. fxg6 hxg6
35. Rg3 g5 36. Qh5 Qf6 37. Rf1 Bf4 38. Rxf4 exf4 39. Rxg5+ Qxg5+ 40. Qxg5+ Kh7
41. Qh5+ Kg7 42. Nd6 Re5 43. Qf7+ Kh6 44. Qf6+ Kh7 45. Nf5 Rxf5 46. Qxf5+ Kg7
47. Qf7+ Kh6 48. Qxf4+ Kg6 49. Be4+ Kg7 50. Qg5+ Kf7 51. Bd5+ Kf8 52. Qg8+ 1-0